| 000 | 00616cab a2200193 4500 | ||
|---|---|---|---|
| 001 | WB2419-40 | ||
| 008 | 090401t1988 xxu||||| |||| 00| 0 eng d | ||
| 035 | _a(Sirsi) u12001 | ||
| 041 | _aeng | ||
| 245 | _aTimeshare alert | ||
| 260 | _c1988 | ||
| 350 | _a0 | ||
| 490 |
_aTimes _v7/5/88 p31 |
||
| 520 | _aTwo recent leaflets published by the DTI and the Timeshare Developers` Association, warn consumers about dubious timeshare practices and indicate pitfalls which potential purchasers should avoid. | ||
| 650 | _aFOREIGN PROPERTY | ||
| 690 | _aPROPERTY LAW AND PRACTICE | ||
| 942 | _n0 | ||
| 948 | _c04/03/1997 | ||
| 999 |
_c7674 _d7674 |
||